000
00304nam a2200121Ia 4500
008
191201s2012 xx 000 0 und d
100
_a
JAIN, Ashok k
245
0
_a
Reinforced concrete Limit State Design
260
_a
N. Delhi
_b
Nem Chand
_c
2012
300
_a
919
650
_a
B.Tech(CE)
942
_2
ddc
_c
BK
999
_c
5916
_d
5916